सहस्रफण / (Record no. 148363)
[ view plain ]
| 000 -LEADER | |
|---|---|
| fixed length control field | 01786nam a22003017a 4500 |
| 005 - DATE AND TIME OF LATEST TRANSACTION | |
| control field | 20180116144114.0 |
| 010 ## - LCCN (DPL NO) | |
| LC control number | राष्ट्रपति B-685314 B-668985 |
| 020 ## - INTERNATIONAL STANDARD BOOK NUMBER | |
| International Standard Book Number | 978126320462 |
| Terms of availability | 400.00 |
| 035 ## - SYSTEM CONTROL NUMBER | |
| System control number | B-685314 |
| 035 ## - SYSTEM CONTROL NUMBER | |
| System control number | B-668985 |
| 037 ## - SOURCE OF ACQUISITION | |
| Source of stock number/acquisition | भारतीय ज्ञानपीठ |
| 082 ## - DEWEY DECIMAL CLASSIFICATION NUMBER | |
| Classification number | उ |
| 100 ## - MAIN ENTRY--PERSONAL NAME | |
| Personal name | विश्वनाथ सत्यनारायण |
| 245 ## - TITLE STATEMENT | |
| Title | सहस्रफण / |
| Statement of responsibility, etc | विश्वनाथ सत्यनारायण; पी.वी. नरसिंहराव द्वारा अनुदित |
| 246 ## - VARYING FORM OF TITLE | |
| Title proper/short title | Shasraphan |
| Remainder of title | by Vishwanath Satyanarayan |
| 250 ## - EDITION STATEMENT | |
| Edition statement | सातवां संस्क. |
| 260 ## - PUBLICATION, DISTRIBUTION, ETC. (IMPRINT) | |
| Place of publication, distribution, etc | नई दिल्ली |
| Name of publisher, distributor, etc | भारतीय ज्ञानपीठ |
| Date of publication, distribution, etc | 2010 |
| 270 ## - ADDRESS | |
| Address | 18, इन्स्टीट्यूशनल एरिया, लोदी रोड |
| City | नई दिल्ली |
| Postal code | 110003 |
| 300 8# - PHYSICAL DESCRIPTION | |
| Extent | 455पृ. |
| Other physical details | 22सेमी(सजिल्द) |
| 490 ## - SERIES STATEMENT | |
| Series statement | राष्ट्रभारती / लोकोदय ग्रन्थमाला : ग्रन्थांक 285 |
| 500 ## - GENERAL NOTE | |
| General note | ज्ञानपीठ पुरस्कार से सम्मानित कृति |
| 505 ## - FORMATTED CONTENTS NOTE | |
| Formatted contents note | राष्ट्रपति भवन |
| 520 ## - SUMMARY, ETC. | |
| Summary, etc | AW |
| 700 ## - ADDED ENTRY--PERSONAL NAME | |
| 9 (RLIN) | 24521 |
| Personal name | नरसिंहराव, पी. वी. |
| 942 ## - ADDED ENTRY ELEMENTS (KOHA) | |
| Source of classification or shelving scheme | Dewey Decimal Classification |
| Item type | Hindi Books |
| Classification part | उ |
| Call number suffix | विश्वना |
| Withdrawn status | Lost status | Not for loan | Collection code | Home library | Current library | Date acquired | Source of acquisition | Cost, normal purchase price | Full call number | Barcode | Copy number | Cost, replacement price | Koha item type |
|---|---|---|---|---|---|---|---|---|---|---|---|---|---|
| Fiction | Ashok Vihar | Ashok Vihar | 16/01/2018 | भारतीय ज्ञानपीठ/D/00830-D5/22.2.17/342/9.2.17/20.3.17 | 400.00 | उ विश्वना | B-668985 | 1 | 400.00 | Hindi Books | |||
| Fiction | Mobile Library | Mobile Library | 23/12/2017 | भारतीय ज्ञानपीठ/D/00632-D5/20.12.17/754/16.12.17/23.12.17 | 400.00 | उ विश्वना | B-685314 | 1 | 400.00 | Hindi Books |
